000
00370nam a2200145Ia 4500
008
191206s9999 xx 000 0 und d
020
_a
0869752162 (pbk.)
090
_a
PR93693545T6
245
0
_a
To Every Birth its Blood
260
_a
Raven Press
260
_b
Staffrider series ; no. 12
260
_c
cc1981
300
_a
368 p. ; 19 cm.
999
_c
17196
_d
17196